[Event "Eastern Asia-ch U14"]
[Site "Tornelo INT"]
[Date "2021.10.30"]
[Round "5"]
[White "Teerawuttiudom, Bhudit"]
[Black "Arnav, Drolia"]
[Result "0-1"]
[WhiteElo "1066"]
[BlackElo "1107"]
[PlyCount "100"]
[EventDate "2021.10.29"]
[EventType "swiss"]
[EventRounds "9"]
[EventCountry "NET"]
[SourceTitle "EXT 2023"]
[Source "ChessBase"]
[SourceDate "2022.10.05"]
[SourceVersion "1"]
[SourceVersionDate "2022.10.05"]
[SourceQuality "1"]

1. e4 c5 2. c3 g6 3. d4 cxd4 4. cxd4 d5 5. exd5 Nf6 6. Nc3 Nxd5 7. Nf3 Bg7 8. Nxd5 Qxd5 9. Be3 0-0 10. b3 Nc6 11. Bc4 Qd8 12. 0-0 Bg4 13. h3 Bxf3 14. Qxf3 Nxd4 15. Qxb7 Rb8 16. Qe4 Nf5 17. Rad1 Qc7 18. Bf4 e5 19. Be3 Nd6 20. Qd3 Nxc4 21. Qxc4 Qxc4 22. bxc4 Rbc8 23. Rc1 a6 24. Rfd1 Rc7 25. c5 Rfc8 26. Rd6 Bf8 27. Rxa6 Bxc5 28. Bxc5 Rxc5 29. Rxc5 Rxc5 30. Ra8+ Kg7 31. Kf1 f5 32. g3 Kh6 33. a4 Rc1+ 34. Ke2 Ra1 35. a5 e4 36. a6 Kg5 37. Ke3 Ra3+ 38. Ke2 h5 39. a7 h4 40. gxh4+ Kf4 41. Rg8 Ra2+ 42. Kf1 Rxa7 43. Rxg6 Rh7 44. Rg3 Rxh4 45. Kg2 Rh6 46. f3 e3 47. Rg8 Ra6 48. Re8 Ra2+ 49. Kf1 Kxf3 50. h4 Ra1# 0-1